La cuenta corriente de efectos o valores de un sector de la banca catalana (Record no. 50872)
[ view plain ]
| 000 -LEADER | |
|---|---|
| campo de control de longitud fija | 00997nam a2200205 i 4500 |
| 001 - NÚMERO DE CONTROL | |
| campo de control | 50872 |
| 003 - IDENTIFICADOR DE NÚMERO DE CONTROL | |
| campo de control | ES-MaACL |
| 005 - FECHA Y HORA DE LA ÚLTIMA TRANSACCIÓN | |
| campo de control | 20250901093551.0 |
| 007 - CAMPO FIJO DE DESCRIPCIÓN FÍSICA--INFORMACIÓN GENERAL | |
| campo de control de longitud fija | t| |
| 008 - DATOS DE LONGITUD FIJA--INFORMACIÓN GENERAL | |
| campo de control de longitud fija | 030807s1936 sp ||||1| spa d |
| 245 03 - MENCIÓN DEL TÍTULO | |
| Título | La cuenta corriente de efectos o valores de un sector de la banca catalana |
| Resto del título | : su repercusión en el crédito y en la economía, su calificación jurídica en el ámbito del Derecho Penal, Civil y Mercantil positivos españoles / |
| Mención de responsabilidad, etc. | según los dictámenes emitidos por Rodríguez Sastre... [et al.] ; seguidos de un estudio sobre la cuenta de efecto y el mercado libre de valores de Barcelona, por Agustín Pelèz. |
| 260 ## - PUBLICACIÓN, DISTRIBUCIÓN, ETC. | |
| Lugar de publicación, distribución, etc. | Madrid : |
| Nombre del editor, distribuidor, etc. | [s.n., |
| Fecha de publicación, distribución, etc. | 1936] ( |
| Fabricante | Galo Sèz) |
| 300 ## - DESCRIPCIÓN FÍSICA | |
| Extensión | 586 p. ; |
| Dimensiones | 22 cm. |
| 610 27 - PUNTO DE ACCESO ADICIONAL DE MATERIA--NOMBRE DE ENTIDAD CORPORATIVA | |
| Nombre de entidad corporativa o nombre de jurisdicción como elemento de entrada | Bolsa Oficial de Comercio de Barcelona |
| Fuente del encabezamiento o término | |
| 9 (RLIN) | 154342 |
| 650 #4 - PUNTO DE ACCESO ADICIONAL DE MATERIA--TÉRMINO DE MATERIA | |
| Término de materia o nombre geográfico como elemento de entrada | Valores mobiliarios- |
| Subdivisión geográfica | España. |
| 9 (RLIN) | 140335 |
| 700 1# - ENTRADA AGREGADA--NOMBRE PERSONAL | |
| Nombre de persona | Peláez, Agustín. |
| 9 (RLIN) | 130963 |
| 700 0# - ENTRADA AGREGADA--NOMBRE PERSONAL | |
| Nombre de persona | Rodríguez Sastre, Antonio. |
| 9 (RLIN) | 98816 |
| 852 ## - LOCALIZACIÓN | |
| Ubicación | ES-MaACL |
| Número de control de estantería | A-4320 |
| Estatus retirado | Estado de pérdida | Estado de daño | No para préstamo | Biblioteca de origen | Biblioteca actual | Ubicación en estantería | Fecha de adquisición | Fuente de adquisición | Total de préstamos | Signatura topográfica completa | Código de barras | Visto por última vez | Precio de reemplazo | Tipo de ítem Koha |
|---|---|---|---|---|---|---|---|---|---|---|---|---|---|---|
| Biblioteca del Ateneo de Madrid | Biblioteca del Ateneo de Madrid | Sala Pecera Planta 1 | 17/01/2008 | A-4320 | 1053503 | 23/02/2023 | 23/02/2023 | Libro impreso |
